000 00772cam a22002773a 4500
001 3790
003 PGUSA
005 20140828083038.0
008 030201s2003||||xxu|||||s|||||000 | eng d
040 _aPGUSA
_beng
042 _adc
050 4 _aPR
100 1 _aShaw, Bernard,
_d1856-1950
245 1 0 _aMajor Barbara
_h[electronic resource] /
_cBernard Shaw
260 _bProject Gutenberg,
_c2003
506 _aPublic domain in the USA.
516 _aElectronic text
653 _aFathers and daughters -- Drama
653 _aSalvation Army -- Drama
653 _aCrime -- Drama
653 _aDidactic drama
653 _aChildren of the rich -- Drama
830 0 _aProject Gutenberg
_v3790
856 4 0 _uhttp://www.gutenberg.org/ebooks/3790
942 _cEB
999 _c233119
_d233119